<?xml version="1.0" encoding="UTF-8"?>
<record
    xmlns:xsi="http://www.w3.org/2001/XMLSchema-instance"
    xsi:schemaLocation="http://www.loc.gov/MARC21/slim http://www.loc.gov/standards/marcxml/schema/MARC21slim.xsd"
    xmlns="http://www.loc.gov/MARC21/slim">

  <leader>00506nam a2200193Ia 4500</leader>
  <controlfield tag="005">20250325034122.0</controlfield>
  <controlfield tag="008">240331s9999    xx            000 0 und d</controlfield>
  <datafield tag="020" ind1=" " ind2=" ">
    <subfield code="a">041590417X</subfield>
  </datafield>
  <datafield tag="082" ind1=" " ind2=" ">
    <subfield code="a">302.234</subfield>
    <subfield code="b">MOD</subfield>
    <subfield code="2">3804</subfield>
  </datafield>
  <datafield tag="100" ind1=" " ind2=" ">
    <subfield code="a">Modleski, T</subfield>
  </datafield>
  <datafield tag="245" ind1=" " ind2="0">
    <subfield code="a">Feminism Without Women:</subfield>
    <subfield code="b">Culture and Criticism in a "Postfeminist" Age</subfield>
  </datafield>
  <datafield tag="260" ind1=" " ind2=" ">
    <subfield code="a">London;</subfield>
    <subfield code="a">New York,</subfield>
    <subfield code="b">Routledge</subfield>
    <subfield code="c">1991</subfield>
  </datafield>
  <datafield tag="300" ind1=" " ind2=" ">
    <subfield code="a">xi, 188 p.,</subfield>
  </datafield>
  <datafield tag="650" ind1=" " ind2=" ">
    <subfield code="a">Women</subfield>
  </datafield>
  <datafield tag="650" ind1=" " ind2=" ">
    <subfield code="a">Feminism</subfield>
  </datafield>
  <datafield tag="650" ind1=" " ind2=" ">
    <subfield code="a">Gender</subfield>
  </datafield>
  <datafield tag="650" ind1=" " ind2=" ">
    <subfield code="a">Sexuality</subfield>
  </datafield>
  <datafield tag="942" ind1=" " ind2=" ">
    <subfield code="c">L</subfield>
  </datafield>
  <datafield tag="952" ind1=" " ind2=" ">
    <subfield code="0">0</subfield>
    <subfield code="1">0</subfield>
    <subfield code="4">0</subfield>
    <subfield code="7">0</subfield>
    <subfield code="8">L</subfield>
    <subfield code="a">WERCL</subfield>
    <subfield code="b">WERCL</subfield>
    <subfield code="c">SSC</subfield>
    <subfield code="d">2024-03-31</subfield>
    <subfield code="l">0</subfield>
    <subfield code="o"> 302.234 MOD</subfield>
    <subfield code="p">3804</subfield>
    <subfield code="r">2024-03-31</subfield>
    <subfield code="w">2024-03-31</subfield>
    <subfield code="y">L</subfield>
  </datafield>
  <datafield tag="999" ind1=" " ind2=" ">
    <subfield code="c">1174</subfield>
    <subfield code="d">1174</subfield>
  </datafield>
</record>
